000 00308 a2200157 4500
001 163696
020 _a
040 _cMagnum
100 _aSalgari, Emilio
240 1 0 _aO corsario negro
_lpor
245 1 0 _aO corsario negro
362 0 _a1899
440 1 _aGlobo
697 _aIJ/FICCAO
942 _cBK
999 _c163696
_d163696